| 000 | 01571nam0a2200361 4500 | ||
|---|---|---|---|
| 001 | RU\NLR\bibl\1780218 | ||
| 005 | 20250616134453.0 | ||
| 010 |
_a978-5-91070-057-8 _91000 |
||
| 021 |
_aRU _b2011-38451 _92744 |
||
| 035 | _a(nilc)RSL-KNO-004948241 | ||
| 035 | _a(NLR Aleph) 001770975 | ||
| 090 |
_a1637623 _c1637623 |
||
| 100 | _a20110531d2010 |||y0rusy50 ca | ||
| 101 | 0 | _arus | |
| 102 | _aRU | ||
| 105 | _aa ||||||||| | ||
| 200 | 1 |
_aРуководство по ликвидации аварий на объектах производства, хранения, транспортирования и применения хлора _f[отв. разраб.: Б. Ю. Ягуд и др.] |
|
| 210 |
_aМосква _cРоссийский центр "Хлорбезопасность" _d2010 |
||
| 215 |
_a211 с. _cил., табл. _d20 |
||
| 606 | 1 |
_aХлор _jНормативные документы _xПроизводство _xТехника безопасности _91901495 _3RU\NLR\auth\661155551 |
|
| 606 | 1 |
_aХлор _jНормативные документы _xРабота с ним _xТехника безопасности _92188137 _3RU\NLR\auth\661315500 |
|
| 686 |
_aЛ233н61я82 _2rubbk |
||
| 686 |
_aЦ69,6(2Рос)0-53я82 _2rubbk |
||
| 686 | _aЛ233.2н67я8 | ||
| 686 | _aУ24(2)795.30я8 | ||
| 686 | _aХ627.44я8 | ||
| 702 | 1 |
_aЯгуд _bБ. Ю. _gБорис Юльевич _4220 |
|
| 801 | 0 |
_aRU _bRuMoRKP _c20110531 _grcr |
|
| 801 | 1 |
_aRU _bРГБ _c20110531 |
|
| 801 | 2 |
_aRU _bNLR _c20110615 _grcr |
|
| 942 | _cBOOK | ||
| 980 | _aNB | ||